MARC

Tag First Indicator Second Indicator Subfields
LEADER 00000cam a2200000 i 4500
001 in00000987828
005 20150927160330.0
008 800724s1979 sdua b s00010 eng d
035 |a (OCoLC)06547023 
035 |9 AEY4456AM 
040 |a SMT  |c SMT  |d m/c  |d TXA  |d UtOrBLW 
049 1 |a TXA2 
090 |a QC851  |b .R467 no. 79-2 
100 1 |a Jameson, Terry C. 
245 1 0 |a Case study of a Colorado multi-cell hailstorm /  |c by Terry C. Jameson. 
264 1 |a Rapid City, S. D. :  |b Institute of Atmospheric Sciences, South Dakota School of Mines and Technology,  |c 1979. 
300 |a vi, 53 leaves :  |b illustrations ;  |c 28 cm. 
336 |a text  |b txt  |2 rdacontent 
337 |a unmediated  |b n  |2 rdamedia 
338 |a volume  |b nc  |2 rdacarrier 
490 1 |a Report / Institute of Atmospheric Sciences, South Dakota School of Mines and Technology ;  |v 79-2 
504 |a "References": pages 52-53. 
536 |b NCAR 182-71 
610 2 0 |a National Hail Research Experiment. 
650 0 |a Thunderstorms  |z Colorado. 
650 0 |a Cloud physics. 
710 2 |a South Dakota School of Mines and Technology.  |b Institute of Atmospheric Sciences. 
830 0 |a Report (South Dakota School of Mines and Technology. Institute of Atmospheric Sciences) ;  |v no. 79-2. 
999 |a MARS 
999 f f |s e21f47fe-67bb-3758-b6a5-f541d7b2dde4  |i 8fa348ed-71d9-3426-953a-7aad1cbc9e7f  |t 0 
952 f f |p ric  |a Texas A&M University  |b Rellis Campus  |c Joint Library Facility  |d Remote Storage  |t 0  |e QC851 .R467 no.79-2  |h Library of Congress classification  |i unmediated -- volume  |m A14814264029 
998 f f |a QC851 .R467 no.79-2  |t 0  |l Remote Storage